000 00785nam a2200253 a 4500
001 57221
003 BD-RjUL
005 20211209080501.0
008 161207s1992 enka b 001 0 eng
020 _a0813310326
020 _a0813310334 (pbk.)
035 _a(BD-RjUL)57345
040 _aDLC
_cDLC
_dBD-RjUL
_beng
041 _aeng
082 0 0 _a306.3
_223
_bSOC 1992
245 0 4 _aThe Sociology of economic life /
_cedited by Mark Granovetter, Richard Swedberg.
260 _aBoulder :
_bWestview Press,
_c1992.
300 _avi, 399 p. :
_bill. ;
_c24 cm.
504 _aIncludes bibliographical references and index.
650 0 _aEconomics
_xSociological aspects.
_9132031
700 1 _aGranovetter, Mark S.
_9169940
700 1 _aSwedberg, Richard.
_9169941
942 _2ddc
_cBK
999 _c57221
_d57221